| 000 | 00768nam a2200241 a 4500 | ||
|---|---|---|---|
| 001 | 49127 | ||
| 003 | BD-RjUL | ||
| 005 | 20211209054634.0 | ||
| 008 | 160817s1959 b ||||| |||| 00| 0 eng d | ||
| 020 | _c : Tk.5.00 | ||
| 035 | _a(BD-RjUL)49246 | ||
| 040 |
_aBD-RjUL _bben _cBD-RjUL |
||
| 041 | _aben | ||
| 082 |
_223 _a891.441 _bSAB 1975 |
||
| 100 | 1 |
_aসাত্তার, আবদুস্ _9147736 |
|
| 245 | 1 | 0 |
_aবৃষ্টিমুখর / _cআবদুস্ সাত্তার |
| 250 | _a৩য় সং. | ||
| 260 |
_aঢাকা : _bমুক্তধারা, _c১৯৭৫. |
||
| 300 |
_a৫৬ পৃ ; _c২২ সেমি |
||
| 650 |
_aবাংলা কবিতা _9147692 |
||
| 650 |
_aBangali Poetry _9147737 |
||
| 942 |
_2ddc _cBK |
||
| 999 |
_c49127 _d49127 |
||